000 00766cab a2200229 4500
001 WB2834-11
008 090401t1992 xxu||||| |||| 00| 0 eng d
035 _a(Sirsi) u401
041 _aeng
245 _aManaging energy
260 _c1992
350 _a0
490 _aDaily Telegraph
_v4 September 1992, 28-28(3)
520 _aA feature on current trends in energy saving, including articles on wind powered electricity generation, legislation, alternative fuels, recycling, and construction and building maintenance methods.
650 _aCOMBINED HEAT AND POWER
650 _aENERGY EFFICIENCY
650 _aENERGY LABELLING
650 _aTHERMAL INSULATION
690 _aENVIRONMENTAL AND LAND CONSULTANCY-ENERGY
942 _n0
948 _c04/03/1997
999 _c161
_d161